000 00349nam a2200133Ia 4500
008 240624s9999 xx 000 0 und d
041 _aeng
082 _a658.85 STE
100 _aSTEVENS MARK
245 _aGOD IS A SALESMAN LEARN FROM THE MASTER
260 _c2008
_aNew York
_bCentre Street
300 _axi, : 144 : p. : cm. ; 19
365 _c
_b10
999 _c13191
_d13191